| 000 | 00449nam a2200133Ia 4500 | ||
|---|---|---|---|
| 008 | 231129s2009||||xx |||||||||||||| ||spa|| | ||
| 020 | _a978-958-710-454-7 | ||
| 040 | _bspa | ||
| 082 | _a378.861 I61 | ||
| 245 | 0 | _aInteracciones multiculturales: Los estudiantes indígenas en la Universidad | |
| 260 | _c2009 | ||
| 264 | _aDepartamento de Publicaciones de la Universidad Externado de Colombia | ||
| 942 |
_2ddc _cBKS |
||
| 999 |
_c15787 _d15787 |
||